[Event "Warsaw YMCA Autumn-D 177th"]
[Site "Warsaw"]
[Date "2016.11.23"]
[Round "12"]
[White "Rejniak, Zuzanna"]
[Black "Wanecki, Krzysztof"]
[Result "1-0"]
[WhiteElo "1359"]
[BlackElo "1469"]
[PlyCount "75"]
[EventDate "2016.09.19"]
[EventType "tourn"]
[EventRounds "13"]
[EventCountry "POL"]
[SourceTitle "EXT 2019"]
[Source "ChessBase"]
[SourceDate "2018.10.10"]
[SourceVersion "1"]
[SourceVersionDate "2018.10.10"]
[SourceQuality "1"]

1. e4 d5 2. exd5 Qxd5 3. Nc3 Qa5 4. d4 Nf6 5. Bc4 c6 6. Bd2 Bf5 7. Nf3 e6 8. 0-0 Qc7 9. Re1 Be7 10. a3 Nbd7 11. Be3 0-0 12. Bd3 Bxd3 13. Qxd3 Bd6 14. h3 Rfe8 15. Rad1 Rad8 16. Qf1 b5 17. Bg5 Rb8 18. Qd3 a5 19. Ne4 Nxe4 20. Rxe4 c5 21. Rh4 h6 22. dxc5 Nxc5 23. Qxd6 Qxd6 24. Rxd6 hxg5 25. Nxg5 f6 26. Nf3 e5 27. Rg4 Kf7 28. Nh4 Red8 29. Rc6 Rdc8 30. Rxc8 Rxc8 31. Nf5 Rg8 32. Nd6+ Ke6 33. Nxb5 g5 34. Rc4 Kd5 35. Rc3 Rb8 36. Nc7+ Kd4 37. Rxc5 Kxc5 38. Na6+ 1-0